| 000 | 00721 a2200157 4500 | ||
|---|---|---|---|
| 999 |
_c332260 _d332260 |
||
| 003 | NUST | ||
| 005 | 20171122093607.0 | ||
| 008 | 171122b xxu||||| |||| 00| 0 eng d | ||
| 040 | _c0 | ||
| 082 | _a909 TOY | ||
| 100 |
_aToynbee, Arnold J. _96611 |
||
| 245 |
_aA Study of History _cArnold J. Toynbee |
||
| 260 |
_aIslamabad : _bNational Book Foundation, _c1955 |
||
| 300 |
_axii,414p. : _bill. ; _c23 cm |
||
| 500 | _aH.B | ||
| 650 |
_aHistory _93046 |
||
| 942 |
_2ddc _cBK _kIESE |
||